Music Quiz

Random Music or Song Quiz

'Emo' Band Names Quiz Stats

 Plays Quiz not verified by Sporcle

Support Sporcle.
Go Orange.
Score 0/10 Timer 02:00
0 Plays Today
Song Name of band % Correct
TeenagersMy Chemical Romance
98.2%
American IdiotGreen Day
98%
This is GospelPanic! At The Disco
96.3%
Sugar, We're Goin' DownFall Out Boy
95.7%
Mr.BrightsideThe Killers
84.5%
What's My Age Again?Blink-182
76.9%
Gives You HellAll American Rejects
76.9%
1985Bowling For Soup
57.4%
Stacy's MomFountains of Wayne
49.9%
What The HellAvril Lavigne
47.4%

You're not logged in!

Compare scores with friends on all Sporcle quizzes.
OR
Log In

From the Vault

World Cup Winners

by Matt

Since only a handful of people really follow soccer, we don't expect this quiz to be popular.
Remove Ads.
Support Sporcle.
Get the best of Sporcle when you Go Orange. This ad-free experience offers more features, more stats, and more fun while also helping to support Sporcle. Thank you for becoming a member.

Show Comments

Extras

Created Jan 30, 2016ReportNominate
Tags:Song Quiz, emo, Emo Band

Top Quizzes Today


Score Distribution

Your Account Isn't Verified!

In order to create a playlist on Sporcle, you need to verify the email address you used during registration. Go to your Sporcle Settings to finish the process.

Report this User

Report this user for behavior that violates our Community Guidelines.

Details: